Statystyki dla Marka na O

Kliknij tutaj aby rozwiązać quiz!

Ogólne statystyki

  • Ten quiz został rozwiązany 41 razy
  • Średni wynik to 3 z 10

Statystyki odpowiedzi

Odpowiedź% Poprawnych
Opel
87%
Olx
37%
Oreo
30%
Okocim
27%
Orlen
27%
Obi
23%
Orange
20%
Oppo
13%
Oral-B
13%
Odido
10%

Rozkład punktacji

Percentyl według liczby udzielonych odpowiedzi

Procent ludzi z każdym wynikiem

Twoja historia wyników

Nie rozwiązałeś tego quizu